000 00782nam a2200265Ia 4500
003 OSt
005 20220925200041.0
006 a|||||r|||| 00| 0
007 ta
008 220923b |||||||| |||| 00| 0 eng d
020 _a0745612296
037 _cGeneral Book
040 _aRTL
_cRTL
_beng
041 _2eng
_aeng
082 _aRxN29, N6
100 _aHabermas Jurgen
245 0 _aBetween facts and norms
_b Cotributions to a discourse theory of law and democracy
260 _aCombridge
_bPolity Press
_c1996
300 _axlii,631p Bibliography: P 571-93
_ccm.
650 _a Classics
650 _a Jurgen Hab Ermas
_9256488
650 _aPhilosphy
_9256489
942 _hRxN29, N6
_cGB
_2CC
999 _c535283
_d535283